000 00644nam a2200217Ia 4500
003 GCL
008 140319s9999 xx 000 0 ara d
040 _aGCL /
_cGCL
082 0 4 _a219.1
_bع ح
100 1 _aعبدالمنعم قنديل
245 1 0 _aحياة زوجية هادئة: مدخل الى قلب حواء /
_cعبدالمنعم قنديل
260 _a[S.N] :
_bمكتبة التراث الاسلامى ،
_c1987
300 _a150 ص
490 _a
650 0 4 _aالاسرة
650 0 4 _aالعادات والتقاليد
650 0 4 _aالمرأة
650 0 4 _aالزواج
650 0 4 _aالحب
942 _2ddc
_cBK
999 _c30317
_d30317